000 00353cam a22001217a 4500
008 180718b1977 xxu||||| |||| 00| 0 eng d
082 _aR112x54 P985
100 _aPuttaswamaiah, K.
245 _aUnemployment in India: policy for manpower
_cby K. Puttaswamaiah
260 _aDelhi
_bOxford & IBH
_c1977
300 _a196p.
650 _aUnemployment - India
999 _c352016
_d352016